000
003190000a22001330004500
041
0
_a
ENG
082
0
4
_a
G 972.014 H143a
100
1
_a
Von Hagen, Victor W.
245
1
0
_a
The Aztec: Man and Tribe / Victor Wolfgang Von Hagen
260
_a
New York, N.Y., USA : Mentor
300
_a
224 Pag
001
11602
942
_c
BK
999
_c
40833
_d
40833